Mötley Crüe Albums Tile Select - Statistics

General Stats
  • This quiz has been taken 189 times
  • The average score is 35 of 45
Answer Stats
Question Tile Select % Correct
the following songs that are on Too Fast for Love (1981). Take Me to the Top Yes
98%
the following songs that are on Too Fast for Love (1981). Live Wire Yes
96%
the following songs that are on Too Fast for Love (1981). Use It or Lose It No
96%
the following songs that are on Too Fast for Love (1981). Danger No
95%
the following songs that are on Too Fast for Love (1981). Raise Your Hands to Rock No
94%
the following songs that are on Shout at the Devil (1983). Looks That Kill Yes
90%
the following songs that are on Theatre of Pain (1985). Home Sweet Home Yes
88%
the following songs that are on Theatre of Pain (1985). Smokin' in the Boys Room Yes
88%
the following songs that are on Dr. Feelgood (1989). Kickstart My Heart Yes
87%
the following songs that are on Dr. Feelgood (1989). Angela No
86%
the following songs that are on Theatre of Pain (1985). Nona No
86%
the following songs that are on Dr. Feelgood (1989). Rodeo No
86%
the following songs that are on Girls, Girls, Girls (1987). Save Our Souls No
86%
the following songs that are on Shout at the Devil (1983). Starry Eyes No
86%
the following songs that are on Shout at the Devil (1983). Toast of the Town No
86%
the following songs that are on Dr. Feelgood (1989). Same Ol' Situation (S.O.S.) Yes
85%
the following songs that are on Girls, Girls, Girls (1987). Wild Side Yes
85%
the following songs that are on Shout at the Devil (1983). Too Young to Fall in Love Yes
84%
the following songs that are on Theatre of Pain (1985). All in the Name Of... No
82%
the following songs that are on Theatre of Pain (1985). Knock 'Em Dead, Kid No
82%
the following songs that are on Theatre of Pain (1985). On with the Show No
81%
the following songs that are on Shout at the Devil (1983). Piece of Your Action No
81%
the following songs that are on Dr. Feelgood (1989). Primal Scream No
81%
the following songs that are on Theatre of Pain (1985). Dancing on Glass No
80%
the following songs that are on Girls, Girls, Girls (1987). Fight for Your Rights No
80%
the following songs that are on Shout at the Devil (1983). Helter Skelter Yes
78%
the following songs that are on Too Fast for Love (1981). Red Hot No
78%
the following songs that are on Girls, Girls, Girls (1987). City Boy Blues No
75%
the following songs that are on Dr. Feelgood (1989). Don't Go Away Mad (Just Go Away) Yes
75%
the following songs that are on Shout at the Devil (1983). Merry-Go-Round No
75%
the following songs that are on Too Fast for Love (1981). Public Enemy #1 Yes
75%
the following songs that are on Girls, Girls, Girls (1987). Tonight (We Need a Lover) No
75%
the following songs that are on Shout at the Devil (1983). Ten Seconds to Love Yes
72%
the following songs that are on Girls, Girls, Girls (1987). Bad Boy Boogie Yes
69%
the following songs that are on Dr. Feelgood (1989). T.n.T. (Terror 'n Tinseltown) Yes
69%
the following songs that are on Dr. Feelgood (1989). Without You Yes
64%
the following songs that are on Theatre of Pain (1985). Louder Than Hell Yes
63%
the following songs that are on Girls, Girls, Girls (1987). You're All I Need Yes
63%
the following songs that are on Dr. Feelgood (1989). Sticky Sweet Yes
59%
the following songs that are on Too Fast for Love (1981). Come On and Dance Yes
58%
the following songs that are on Girls, Girls, Girls (1987). Five Years Dead Yes
58%
the following songs that are on Too Fast for Love (1981). Stick to Your Guns Yes
56%
the following songs that are on Girls, Girls, Girls (1987). Sumthin' for Nothin' Yes
56%
the following songs that are on Theatre of Pain (1985). Keep Your Eye on the Money Yes
53%
the following songs that are on Shout at the Devil (1983). God Bless the Children of the Beast Yes
52%
No matching quizzes found
Score Distribution
Percent of People with Each Score
Percentile by Number Answered
Your Score History
You have not taken this quiz